000 00454nam a2200181Ia 4500
001 17696
005 20260306171536.0
008 260306s9999||||xx |||||||||||||| ||und||
041 _aESP
082 _a658.15
_bG26
100 _aGarrido Pulido, Tomás
_eAUT
245 0 _aReducción de capital:
_baspectos contables y fiscales
260 _c2001
300 _a227 páginas :
_c24 cm.
650 _aGEN
654 _aCAN
942 _cLIB
_dJUS
_fJUS
_2ddc
_n
999 _c17696
_d17696